| 000 | 00438nam a2200169 i 4500 | ||
|---|---|---|---|
| 001 | 21942 | ||
| 003 | ES-MaACL | ||
| 005 | 20230906152557.0 | ||
| 007 | t| | ||
| 008 | 021128s1902 sp ||||1| spa d | ||
| 100 | 1 |
_aLorenzo Aleu, Manuel. _974170 |
|
| 245 | 1 | 0 |
_aCálculo Mercantil / _cpor Manuel Lorenzo Aleu. |
| 250 | _a2ª ed. | ||
| 260 |
_aMadrid : _bR. Velasco, _c1902. |
||
| 300 |
_a256 p. ; _c22 cm. |
||
| 852 |
_aES-MaACL _jF-5023 |
||
| 999 |
_c21942 _d21942 |
||